书目信息 |
| 题名: |
信息论与编码
|
|
| 作者: | 窦高奇 , 杨凯新 , 刘琴涛 编著 | |
| 分册: | ||
| 出版信息: | 北京 科学出版社 2024.12 |
|
| 页数: | 270页 | |
| 开本: | 26cm | |
| 丛书名: | ||
| 单 册: | ||
| 中图分类: | TN911.2 , TN911.21 | |
| 科图分类: | ||
| 主题词: | 信息论--xin xi lun--高等学校--教材 , 信源编码--xin yuan bian ma--高等学校--教材 | |
| 电子资源: | ||
| ISBN: | 978-7-03-080378-8 | |
| 000 | 01153nam0 2200289 450 | |
| 001 | 90957 | |
| 005 | 20250816142512.18 | |
| 010 | @a978-7-03-080378-8@dCNY78.00 | |
| 100 | @a20250415d2024 em y0chiy50 ea | |
| 101 | 0 | @achi |
| 102 | @aCN@b110000 | |
| 105 | @aak z 000yy | |
| 106 | @ar | |
| 200 | 1 | @a信息论与编码@Axin xi lun yu bian ma@f窦高奇, 杨凯新, 刘琴涛编著 |
| 210 | @a北京@c科学出版社@d2024.12 | |
| 215 | @a270页@c图@d26cm | |
| 300 | @a科学出版社“十四五”普通高等教育本科规划教材 | |
| 330 | @a本书系统深入地论述信息论和编码的基本原理和主要技术, 内容包括: 绪论、离散信源与连续信源、离散信道与连续信道、无失真信源编码、信息率失真理论、信道编码定理及有限块长编码理论、纠错编码基础、分组码, 循环码、近世代数基础、纠突发错误码BCH码及RS码、卷积码, Turbo码及LDPC码及现代编码应用等。 | |
| 606 | 0 | @a信息论@Axin xi lun@x高等学校@j教材 |
| 606 | 0 | @a信源编码@Axin yuan bian ma@x高等学校@j教材 |
| 690 | @aTN911.2@v5 | |
| 690 | @aTN911.21@v5 | |
| 701 | 0 | @a窦高奇@Adou gao qi@4编著 |
| 701 | 0 | @a杨凯新@Ayang kai xin@4编著 |
| 701 | 0 | @a刘琴涛@Aliu qin tao@4编著 |
| 801 | 0 | @aCN@c20250909 |
| 905 | @a河南城建学院图书馆@dTN911.2@eD772@f1 | |
| 信息论与编码/窦高奇, 杨凯新, 刘琴涛编著.-北京:科学出版社,2024.12 |
| 270页:图;26cm |
| 科学出版社“十四五”普通高等教育本科规划教材 |
| ISBN 978-7-03-080378-8:CNY78.00 |
| 本书系统深入地论述信息论和编码的基本原理和主要技术, 内容包括: 绪论、离散信源与连续信源、离散信道与连续信道、无失真信源编码、信息率失真理论、信道编码定理及有限块长编码理论、纠错编码基础、分组码, 循环码、近世代数基础、纠突发错误码BCH码及RS码、卷积码, Turbo码及LDPC码及现代编码应用等。 |
| ● |
| 相关链接 |
|
|
|
正题名:信息论与编码
索取号:TN911.2/D772
 
预约/预借
| 序号 | 登录号 | 条形码 | 馆藏地/架位号 | 状态 | 备注 |
| 1 | 1624919 | 216249192 | 自科库301/301自科库 34排2列1层/ [索取号:TN911.2/D772] | 在馆 |